000 01271cam a2200313 a 4500
001 2127190
003 OSt
005 20241007104640.0
008 971020s1997 enkab b 001 0 eng
010 _a 97044809
020 _a0750636025 (pbk.)
040 _aDLC
_cmust
_dDLC
050 0 0 _aQA76
_b.D839 1997
082 0 0 _a620 DUY 1997
_221
100 1 _aDuyshart, Bruce.
_919248
245 1 4 _aThe digital document :
_ba reference for architects, engineers, and design professionals /
_cBruce Duyshart.
260 _aOxford ;
_aBoston :
_bButterworth-Heinemann,
_c1997.
300 _aix, 218 p. :
_bill., map ;
_c25 cm.
504 _aIncludes bibliographical references and index.
650 0 _aElectronic data processing.
_9605
650 0 _aDocumentation.
_919249
650 0 _aArchitecture
_xData processing.
_919250
650 0 _aEngineering
_xData processing.
_919251
856 4 2 _3Publisher description
_uhttp://www.loc.gov/catdir/description/els032/97044809.html
856 4 1 _3Table of contents
_uhttp://www.loc.gov/catdir/toc/els032/97044809.html
906 _a7
_bcbc
_corignew
_d1
_eocip
_f19
_gy-gencatlg
942 _2ddc
_cB_BANK
999 _c9437
_d9437